| 000 | 00578 a2200169 4500 | ||
|---|---|---|---|
| 020 | _a9780521715959 | ||
| 020 | _a9780521715959 | ||
| 082 | 0 | 4 | _a530.15 |
| 090 |
_c199 _d199 |
||
| 100 | 1 | _aDoran, Chris. | |
| 245 | 1 | 0 |
_aGeometric algebra for physicists / _cChris Doran, Anthony Lasenby. |
| 260 |
_a[S.l.] : _bCambridge University Press, _c2007. |
||
| 300 |
_a592 p. ; _c25 cm. |
||
| 700 | 1 | _aLasenby, Anthony. | |
| 942 |
_aSNS _cBK _k530.15635 DOR |
||
| 999 |
_c28836 _d28836 |
||